000 00593nam a2200229Ia 4500
003 OSt
005 20220928115433.0
006 a|||||r|||| 00| 0
007 ta
008 220927b |||||||| |||| 00| 0 eng d
024 _a41732
037 _cTextual
040 _aSDCL
_cSDCL
_beng
041 _2eng
_aeng
082 _aR:(Z), P0
100 _aTebbit Mark
_9444287
245 0 _aPhilosophy of law
_b An introduction.
260 _aLondon
_bRoutledge
_c2000
300 _axi,196p.
_ccm.
942 _hR:(Z), P0
_cTEXL
_2CC
999 _c759396
_d759396